000 00502nam a2200169Ia 4500
003 IN-BaIIA
008 211028s9999 xx 000 0 eng d
040 _cIIA Library
080 _a681.38
_bSPI
100 _aSpielman, Harold S
_96068
245 0 _aElectronics sources book for teachers
_bvol. 1
_cHarold S. Spielman
260 _aNew York
_bHayden Book
_c1965
300 _avi, 513p.
650 _aElectronics
_91576
650 _aNASA Thesaurus
942 _cBK
999 _c3427
_d3427